Library Banner

Science prophecy and predication (Record no. 71691)

MARC details
000 -LEADER
fixed length control field 00421nam a2200169Ia 4500
001 - CONTROL NUMBER
control field 66863
008 - FIXED-LENGTH DATA ELEMENTS--GENERAL INFORMATION
fixed length control field 150514s9999 xx 000 0 und d
020 ## - INTERNATIONAL STANDARD BOOK NUMBER
International Standard Book Number NA
040 ## - CATALOGING SOURCE
Transcribing agency PK-LaUMT
082 ## - DEWEY DECIMAL CLASSIFICATION NUMBER
Classification number MAL 133.3
Item number LEW-S
100 ## - MAIN ENTRY--PERSONAL NAME
Personal name Lewinsohn, Richard
245 ## - TITLE STATEMENT
Title Science prophecy and predication
Statement of responsibility, etc Lewinsohn, Richard
260 ## - PUBLICATION, DISTRIBUTION, ETC. (IMPRINT)
Place of publication, distribution, etc New York,USA:
Name of publisher, distributor, etc A Perigee Book,
Date of publication, distribution, etc 1961
300 ## - PHYSICAL DESCRIPTION
Extent 304 p.
546 ## - LANGUAGE NOTE
Language note EN
942 ## - ADDED ENTRY ELEMENTS (KOHA)
Koha item type Books
Holdings
Withdrawn status Lost status Damaged status Not for loan Home library Current library Date acquired Total Checkouts Full call number Barcode Date last seen Price effective from Koha item type
        UMT Main Campus UMT Main Campus 2015-05-14   MAL 133.3 LEW-S 75166 2015-05-14 2015-05-14 Books